000 00453cam a2200181ua 4500
001 3370
008 111019n ii |||gr||||Z||||||asm
040 _cMAIN
082 _a891.4513
100 1 _aBhattacharyya, Birendra Kumar.,
245 1 1 _aYaaruingam
_cby Birendra Kumar Bhattacharyya
250 _a5th.
260 _aGuwahati:
_bLawyers book stall,995.
300 _a392p:
_c23cm.
653 _aAssamese novel
653 _aYaaruingam
942 _cBK
999 _c3215
_d3215